Statistics for Countries Breakdown Puzzle #5

Click here to take the quiz!

General Stats

  • This quiz has been taken 8,265 times
    (8,252 since last reset)
  • The average score is 16 of 30

Answer Stats

Hint Answer % Correct
Shower alternativeBATH
93%
White bearPOLAR
89%
Pathway for carsROAD
87%
Lanka prefixSRI
85%
Attorney's expertiseLAW
80%
'Terrible' TsarIVAN
78%
Cocktail, ___ TaiMAI
74%
Garden figurineGNOME
74%
Hook, line and ______SINKER
73%
Kind of beerALE
71%
Did a marathonRAN
71%
Boat-pulling boatTUG
71%
Slithery fishEEL
71%
Go yachting, eg.SAIL
71%
MALAWI
58%
Baking chamberOVEN
55%
CroonedSANG
53%
ISRAEL
49%
NY art museumMET
46%
ANDORRA
39%
Carreras or DomingoTENOR
34%
PORTUGAL
34%
The Ninja Turtles, eg.MUTANT
33%
VIETNAM
29%
13th Greek letterNU
29%
SLOVENIA
27%
SENEGAL
23%
BHUTAN
20%
MONTENEGRO
18%
TURKMENISTAN
14%

Score Distribution

Percentile by Number Answered

Percent of People with Each Score

Your Score History

You have not taken this quiz since the last reset